Các tiểu quốc thuộc vương quốc Phù Nam ở Nam bộ

Na minha lista:
Detalhes bibliográficos
Autor principal: Đặng, Văn Thắng (Chủ biên)
Formato: Livro
Publicado em: Tp. Hồ Chí Minh Đại học Quốc gia Tp. Hồ Chí Minh 2017
Assuntos:
Tags: Adicionar Tag
Sem tags, seja o primeiro a adicionar uma tag!
Thư viện lưu trữ: Trung tâm Học liệu Lê Vũ Hùng, Trường Đại học Đồng Tháp
LEADER 00834pam a22002418a 4500
001 00040741
005 20180118140140.0
008 110506s2003 ||||||Viesd
020 # # |c 290000  |a 978 604 73 4301 0 
041 0 # |a Vie 
082 1 4 |a 306 059 97  |b C101T 
100 1 # |a Đặng, Văn Thắng  |e Chủ biên 
245 0 0 |a Các tiểu quốc thuộc vương quốc Phù Nam ở Nam bộ  |c Đặng Văn Thắng 
260 # # |a Tp. Hồ Chí Minh  |b Đại học Quốc gia Tp. Hồ Chí Minh  |c 2017 
300 # # |a 431 tr.  |c 24 cm. 
653 # # |a Nam bộ 
653 # # |a Phù Nam 
653 # # |a Văn hóa 
653 # # |a Vương Quốc 
653 # # |a lịch sử 
852 # # |j KD.0023103 
910 |d 18/01/2018 
980 # # |a Trung tâm Học liệu Lê Vũ Hùng, Trường Đại học Đồng Tháp